Spon's architects' and builders' price book 2007 (Record no. 105739)

MARC details
000 -LEADER
fixed length control field 01381cam a2200301 4500
001 - CONTROL NUMBER
control field ##E134600
008 - FIXED-LENGTH DATA ELEMENTS--GENERAL INFORMATION
fixed length control field 060818n2007 000 0 eng u
020 ## - INTERNATIONAL STANDARD BOOK NUMBER
International Standard Book Number 0415393787
-- 9780415393782
022 1# - INTERNATIONAL STANDARD SERIAL NUMBER
International Standard Serial Number 0306-3046
035 ## - SYSTEM CONTROL NUMBER
System control number (Sirsi) u134600
041 0# - LANGUAGE CODE
Language code of text/sound track or separate title eng
050 04 - LIBRARY OF CONGRESS CALL NUMBER
Classification number 692.5 $2 18
110 2# - MAIN ENTRY--CORPORATE NAME
Corporate name or jurisdiction name as entry element Davis Langdon
9 (RLIN) 4649
245 00 - TITLE STATEMENT
Title Spon's architects' and builders' price book 2007
250 ## - EDITION STATEMENT
Edition statement 132nd ed.
260 ## - PUBLICATION, DISTRIBUTION, ETC.
Place of publication, distribution, etc. Abingdon
Name of publisher, distributor, etc. Taylor and Francis
Date of publication, distribution, etc. 2007
300 ## - PHYSICAL DESCRIPTION
Extent xxviii, 958p.
Dimensions 25cm.
350 ## - PRICE (NR) (BK AM CF MU VM SE) [OBSOLETE]
Price 128.25
520 ## - SUMMARY, ETC.
Summary, etc. The latest edition of this detailed, professionally relevant source of construction price information. Two major changes have been made to this edition - a new section providing cost models for relevant key building types and a complete re-modelling of the approximate estimates section. Part one covers fees and daywork; part two provides rates of wages; part three deals with prices for measured works (major and minor); and part four covers approximate estimating. Tables and memoranda.
520 ## - SUMMARY, ETC.
Summary, etc. There is a separate CD-ROM (E135053) for reference use in the Library.
520 ## - SUMMARY, ETC.
Summary, etc. Supersedes 2006 edition (ISBN 0415370302).
520 ## - SUMMARY, ETC.
Summary, etc. Superseded by 2008 edition (ISBN 9780415424486).
590 ## - LOCAL NOTE (RLIN)
Local note IKA031006
651 #4 - SUBJECT ADDED ENTRY--GEOGRAPHIC NAME
Geographic name United Kingdom
Chronological subdivision
690 ## - LOCAL SUBJECT ADDED ENTRY--TOPICAL TERM (OCLC, RLIN)
Topical term or geographic name as entry element BUILT ENVIRONMENT-BUILDING COSTS
942 ## - ADDED ENTRY ELEMENTS (KOHA)
Suppress in OPAC 0
Holdings
Withdrawn status Lost status Source of classification or shelving scheme Damaged status Not for loan Home library Current library Shelving location Date acquired Cost, normal purchase price Total Checkouts Full call number Barcode Date last seen Copy number Cost, replacement price Price effective from Koha item type
    Dewey Decimal Classification     London London Basement 20/09/2006 128.25   BASEMENT 30073274 06/08/2019 1 128.25 06/08/2019 Reference material